Flagi państw Ameryki Środkowej - Statystyki

Ogólne statystyki
  • Ten quiz został rozwiązany 1 071 razy
    1 044 od ostatniego zresetowania
  • Średni wynik to 15 z 20
Statystyki odpowiedzi
Obrazkowy Odpowiedź % Poprawnych
Jamajka
98%
Panama
93%
Dominikana
84%
Kuba
84%
Barbados
82%
Gwatemala
82%
Kostaryka
78%
Haiti
77%
Honduras
77%
Dominika
76%
Nikaragua
76%
Bahamy
75%
Salwador
71%
Saint Lucia
70%
Trynidad i Tobago
69%
Belize
68%
Antigua i Barbuda
67%
Grenada
61%
Saint Vincent i Grenadyny
57%
Saint Kitts i Nevis
53%
Nie znaleziono quizów pasujących do podanych kryteriów
Rozkład punktacji
Procent ludzi z każdym wynikiem
Percentyl według liczby udzielonych odpowiedzi
Twoja historia wyników
Nie rozwiązałeś tego quizu od ostatniego zresetowania